Verejné obstarávanie

Pravidlá verejného obstarávania. Pôsobnosť zákona o verejnom obstarávaní č. 343/2015 Z.z. Finančné limity verejného obstarávania. Elektronické trhovisko.

Gespeichert in:
Bibliographische Detailangaben
1. Verfasser: Jaško, Jozef
Format: Buchkapitel
Sprache:Slowakisch
Schlagworte:
Tags: Tag hinzufügen
Keine Tags, Fügen Sie das erste Tag hinzu!

MARC

LEADER 00000naa a2200000 4500
001 0227454
005 20170222134605.4
041 0 |a slo 
044 |a SK 
245 1 0 |a Verejné obstarávanie  |c Jozef Jaško 
520 |a Pravidlá verejného obstarávania. Pôsobnosť zákona o verejnom obstarávaní č. 343/2015 Z.z. Finančné limity verejného obstarávania. Elektronické trhovisko. 
610 2 0 |a obstarávanie verejné 
610 2 0 |a úpravy právne 
610 2 0 |a legislatíva 
610 2 0 |a Slovensko 
610 2 0 |a financie 
610 2 0 |a limity 
100 1 |a Jaško, Jozef